Forever Song Lyric PT 1 - Drake, Lil Wayne, Kanye, Eminem - Statistics

General Stats
  • This quiz has been taken 119 times
  • The average score is 303 of 481
Answer Stats
Answer % Correct
a
99%
g
99%
i
99%
no
98%
It
97%
it
97%
me
97%
not
97%
nothin'
97%
to
97%
but
95%
for
95%
mean
92%
May
91%
may
91%
was
91%
y'all
90%
yall
90%
Y'all
90%
done
88%
understand
88%
ever
87%
forever
86%
the
86%
ain't
85%
shit
85%
this
85%
all
84%
All
84%
don't
84%
nothing
84%
when
84%
in
83%
In
83%
want
83%
wan't
83%
like
81%
Like
81%
on
81%
at
80%
first
78%
so
78%
name
77%
plan
76%
with
76%
greatest
74%
Last
74%
play
74%
we
74%
and
73%
boy
72%
go
72%
stoppin'
72%
you
72%
You
72%
ankle
71%
my
71%
of
71%
off
69%
know
67%
down
66%
mall
66%
one
66%
she
66%
that
66%
local
65%
sprained
65%
who
65%
Started
64%
I'm
62%
i'm
62%
basis
60%
be
58%
even
58%
girl
58%
haters
58%
is
58%
thanks
58%
ball
57%
call
57%
di**
57%
bitch
53%
build
53%
every
53%
got
53%
class
52%
have
52%
about
51%
chemo
51%
Mr
51%
Nemo
51%
West
51%
money
50%
ra***
50%
buildin'
49%
can
49%
come
49%
shuttin'
49%
tellin'
49%
find
48%
If
48%
if
48%
question
48%
used
48%
Yeah
48%
big
47%
kill
47%
Swimmin'
45%
they
45%
They
45%
your
45%
album
44%
dreams
44%
Nig**
44%
nig**
44%
nig***
44%
out
44%
plannin'
44%
did
43%
he
43%
mane
43%
sounded
43%
would
43%
came
42%
hood
42%
more
42%
these
42%
X
42%
mixtape
41%
pilots
41%
until
41%
without
41%
city
40%
deal
40%
had
40%
stuck
40%
game
38%
outcome
38%
bitches
37%
club
37%
dropped
37%
hit
37%
inside
37%
Malcolm
37%
everybody
36%
make
36%
spring
36%
back
35%
business
35%
life
35%
witness
35%
beside
34%
just
34%
thought
34%
up
34%
What?
34%
Labels
33%
list
33%
rain
33%
rappers
33%
young
33%
been
31%
chains
31%
fall
31%
gon'
31%
killin'
31%
swear
31%
fame
30%
fuckin'
30%
loser
30%
McLovin
30%
Nino
30%
balled
29%
countrywide
29%
faded
29%
story
29%
bad
28%
blow
28%
brown
28%
could
28%
insist
28%
least
28%
part
28%
husband
27%
pack
27%
think
27%
world
27%
forgiveness
26%
glory
26%
michelle's
26%
such
26%
thing
26%
askin'
24%
can't
24%
fanny
24%
seen
24%
statutory
24%
wasn't
24%
benjamin
23%
super
23%
ran
22%
chicks
21%
doubted
21%
givin'
21%
went
21%
bueller
20%
'em
20%
Everyone
20%
now
20%
Old
20%
really
20%
statues
20%
way
20%
act
19%
button
19%
grammy
19%
granny
19%
hard
19%
hip
19%
it's
19%
teams
19%
tour'd
19%
hollywood
17%
iv
15%
Who'da
15%
'member
13%
snap
13%
callin'
12%
cameras
12%
goddamn
12%
trade
12%
will
12%
maniac
10%
pull
10%
turn
10%
plaques
9%
Chasin'
8%
stardom
6%
um
6%
Ayy
3%
dosen't
1%
No matching quizzes found
Score Distribution
Percent of People with Each Score
Percentile by Number Answered
Your Score History
You have not taken this quiz